Tradičné a regionálne produkty vo vybraných krajinách Európskej únie bakalárska práca

Gespeichert in:
Bibliographische Detailangaben
1. Verfasser: Orendáčová, Mária
Körperschaft: Obchodná fakulta EU. Katedra tovaroznalectva a kvality tovaru
Weitere Verfasser: Jarossová, Malgorzata Agnieszka, 1978-
Format: Buch
Sprache:Slowakisch
Veröffentlicht: Bratislava 2018
Tags: Tag hinzufügen
Keine Tags, Fügen Sie das erste Tag hinzu!

MARC

LEADER 00000nbm a2200000 4500
001 0245035
005 20180911145339.1
041 0 |a slo 
044 |a SK 
245 1 0 |a Tradičné a regionálne produkty vo vybraných krajinách Európskej únie  |b bakalárska práca  |c Mária Orendáčová ; školiteľ: Malgorzata Agnieszka Jarossová 
264 1 |a Bratislava  |c 2018 
300 |a 61 s. 
100 1 |a Orendáčová, Mária 
700 1 |a Jarossová, Malgorzata Agnieszka, 1978- 
710 2 |a Obchodná fakulta EU. Katedra tovaroznalectva a kvality tovaru